Investigación de mercados experimental que permita obtener información sobre las diferencias de respuesta recolectada mediante la técnica de encuesta personal y la técnica de encuesta vía telefónica /

-д хадгалсан:
Номзүйн дэлгэрэнгүй
Үндсэн зохиолч: Amillategui Tostado, Karen (autor)
Бусад зохиолчид: Vidrio Bartón, Daniela Nahiely (autor) (autor), Zermeño Pérez, María Guadalupe (autor) (autor)
Формат: Дипломын ажил Ном
Хэл сонгох:испани
Нөхцлүүд:
Шошгууд: Шошго нэмэх
Шошго байхгүй, Энэхүү баримтыг шошголох эхний хүн болох!

MARC

LEADER 00000nam^a2200000^a^4500
001 000134058
005 20250521000000.0
009 20260310095153.953
037 |a Acervo ITESO - Biblioteca 
041 |a ESP 
090 |a LAM. 433 
100 |a Amillategui Tostado, Karen  |e (autor) 
245 1 0 |a Investigación de mercados experimental que permita obtener información sobre las diferencias de respuesta recolectada mediante la técnica de encuesta personal y la técnica de encuesta vía telefónica /  |c K. Amillategui Tostado, D.N. Vidrio Barón, M.G. Zermeño Pérez. 
264 |a Guadalajara, México :  |b edición de autor,  |c 2002 
300 |a 117, [8] p. 
336 |a texto  |b txt  |2 rdacontenido 
337 |a sin mediación  |b n  |2 rdamedio 
338 |a volumen  |b nc  |2 rdasoporte 
502 |a ITESO Tesis de Licenciatura en Administración Area Mercadotecnia 
649 |a XX 
650 |a Encuesta 
650 |a Investigación de Mercado -  |x Metodología 
650 |a Mercadotecnia -  |x Metodología 
650 |a Ciencias Administrativas -  |x Metodología 
700 |a Vidrio Bartón, Daniela Nahiely  |e (autor) 
700 |a Zermeño Pérez, María Guadalupe  |e (autor) 
910 |a Fondo General 
920 |a Impresos - Tesis del ITESO 
930 |a Colección General 
905 |a 104 
901 |a 0500063425  |b IT2  |c TSS  |u 20250521 
902 |a https://opac.biblio.iteso.mx/vufind/Record/000134058